| 000 | 00434nam a2200181Ia 4500 | ||
|---|---|---|---|
| 008 | 221030s9999 xx 000 0 und d | ||
| 020 | _a812190871X | ||
| 041 | _aEnglish | ||
| 082 | _a105.23 | ||
| 100 | _aV. K. Mehta | ||
| 245 | 0 |
_aBasic Electrical Engineering _cby V. K. Mehta, R. Mehta |
|
| 250 | _aRev.ed. | ||
| 260 |
_bS. Chand & Co. _aNew Delhi _c2009 |
||
| 300 | _a903 | ||
| 650 | _aEE | ||
| 700 | _aR. Mehta | ||
| 942 | _cBK | ||
| 999 |
_c9015 _d9015 |
||